The Decline and Fall of the Roman Empire : Volume II /

Kaydedildi:
Detaylı Bibliyografya
Yazar: Gibbon, Edward (autor)
Diğer Yazarlar: Hutchins, Robert Maynard (edición general) (edición general)
Materyal Türü: Kitap
Dil:İngilizce
Baskı/Yayın Bilgisi: Chicago, EUA : Encyclopaedia Britannica, 1978, c1952
Etiketler: Etiketle
Etiket eklenmemiş, İlk siz ekleyin!

MARC

LEADER 00000nam^a2200000^a^4500
001 000630138
005 20260415000000.0
009 20260415195726.127
020 |a 0-85229-163-9 
037 |a Acervo ITESO - Biblioteca 
041 |a ING 
091 |a FOB. 04481 
100 |a Gibbon, Edward  |e (autor) 
240 1 1 |a [Great Books of the Western World] 
245 1 4 |a The Decline and Fall of the Roman Empire :  |b Volume II / 
264 4 |a Chicago, EUA :  |b Encyclopaedia Britannica,  |c 1978, c1952 
300 |a XX, 855 p. 
336 |a texto  |b txt  |2 rdacontenido 
337 |a sin mediación  |b n  |2 rdamedio 
338 |a volumen  |b nc  |2 rdasoporte 
649 |a XX 
700 |a Hutchins, Robert Maynard  |e (edición general) 
910 |a Fondo Carlos de Obeso Orendain 
920 |a Impresos - Libros 
930 |a Fondos Especiales 
940 |a Literatura 
905 |a 147 
901 |a 630138-10  |b IT2  |c ESP  |i D  |u 20260415 
902 |a https://opac.biblio.iteso.mx/vufind/Record/000630138